| 000 | 00648nam a22002177a 4500 | ||
|---|---|---|---|
| 999 |
_c20769 _d20769 |
||
| 003 | AR-CdUCM | ||
| 008 | 190426b ||||| |||| 00| 0 spa d | ||
| 040 |
_aMUNICIPALIDAD PROVINCIAL DEL CUSCO _cBIBLIOTECA MUNICIPAL DEL CUSCO |
||
| 082 |
_a375.3 / _bM61 |
||
| 110 |
_aMinisterio de Educación _97325 |
||
| 245 |
_aPaseo : _bDe lecturas e imágenes / |
||
| 260 |
_aLima : _bRevisada, _c1976. |
||
| 300 |
_a106 paginas ; _bIlustraciones, _c20 cm. |
||
| 500 | _aCuentos e historia | ||
| 650 |
_aCuentos _9217 |
||
| 650 |
_aHistorias _92725 |
||
| 650 |
_aLiteratura _983 |
||
| 650 |
_aPerú _935 |
||
| 942 |
_2ddc _cLIBROS |
||
| 945 |
_aAndy _d2019-04-26 |
||